<?xml version="1.0" encoding="UTF-8"?>
<record
    xmlns:xsi="http://www.w3.org/2001/XMLSchema-instance"
    xsi:schemaLocation="http://www.loc.gov/MARC21/slim http://www.loc.gov/standards/marcxml/schema/MARC21slim.xsd"
    xmlns="http://www.loc.gov/MARC21/slim">

  <leader>00443nam a2200145Ia 4500</leader>
  <controlfield tag="008">231217s9999    xx            000 0 und d</controlfield>
  <datafield tag="041" ind1=" " ind2=" ">
    <subfield code="a">English</subfield>
  </datafield>
  <datafield tag="082" ind1=" " ind2=" ">
    <subfield code="a">001.6424UML  RUM `R'</subfield>
  </datafield>
  <datafield tag="100" ind1=" " ind2=" ">
    <subfield code="a">Rumbaugh, James. Jacobson, Ivan. Booch, Grady.</subfield>
  </datafield>
  <datafield tag="245" ind1=" " ind2="4">
    <subfield code="a">The unified modeling language : Reference manual</subfield>
  </datafield>
  <datafield tag="260" ind1=" " ind2=" ">
    <subfield code="c">1999</subfield>
    <subfield code="b">Massachusetts : Addison-Wesley,</subfield>
  </datafield>
  <datafield tag="300" ind1=" " ind2=" ">
    <subfield code="a">xvii+550</subfield>
  </datafield>
  <datafield tag="650" ind1=" " ind2=" ">
    <subfield code="a">UML Unified modeling language</subfield>
  </datafield>
  <datafield tag="942" ind1=" " ind2=" ">
    <subfield code="c">AA</subfield>
  </datafield>
  <datafield tag="999" ind1=" " ind2=" ">
    <subfield code="c">166485</subfield>
    <subfield code="d">166485</subfield>
  </datafield>
  <datafield tag="952" ind1=" " ind2=" ">
    <subfield code="r">2024-01-26 00:00:00</subfield>
    <subfield code="l">0</subfield>
    <subfield code="o">001.6424UML  RUM `R'</subfield>
    <subfield code="p">13468</subfield>
    <subfield code="v">378.90</subfield>
    <subfield code="w">2024-01-26</subfield>
    <subfield code="y">AA</subfield>
    <subfield code="1">0</subfield>
    <subfield code="4">0</subfield>
    <subfield code="7">0</subfield>
    <subfield code="8">CL</subfield>
    <subfield code="0">0</subfield>
    <subfield code="a">ML</subfield>
    <subfield code="b">ML</subfield>
    <subfield code="d">1999-09-08</subfield>
    <subfield code="e">Sai Books</subfield>
    <subfield code="g">445.76</subfield>
    <subfield code="E">CS</subfield>
    <subfield code="K">798</subfield>
    <subfield code="L">07/01/2002</subfield>
    <subfield code="G">RS</subfield>
    <subfield code="F">1</subfield>
    <subfield code="V">66.86</subfield>
    <subfield code="W">15</subfield>
  </datafield>
  <datafield tag="952" ind1=" " ind2=" ">
    <subfield code="r">2024-04-01 00:00:00</subfield>
    <subfield code="l">1</subfield>
    <subfield code="o">001.6424UML RAM;1 `R1'</subfield>
    <subfield code="p">15155</subfield>
    <subfield code="q">2001-08-24</subfield>
    <subfield code="s">2024-04-01</subfield>
    <subfield code="v">379.74</subfield>
    <subfield code="w">2024-01-26</subfield>
    <subfield code="y">AA</subfield>
    <subfield code="z">Issued to MCA/3219/Prabhu Salimath</subfield>
    <subfield code="1">0</subfield>
    <subfield code="4">0</subfield>
    <subfield code="7">0</subfield>
    <subfield code="8">CL</subfield>
    <subfield code="0">0</subfield>
    <subfield code="a">ML</subfield>
    <subfield code="b">ML</subfield>
    <subfield code="d">2000-05-08</subfield>
    <subfield code="g">446.75</subfield>
    <subfield code="E">CS</subfield>
    <subfield code="K">153</subfield>
    <subfield code="L">13/03/2003</subfield>
    <subfield code="G">RS</subfield>
    <subfield code="F">1</subfield>
    <subfield code="V">67.01</subfield>
    <subfield code="W">15</subfield>
  </datafield>
  <datafield tag="952" ind1=" " ind2=" ">
    <subfield code="r">2024-01-26 00:00:00</subfield>
    <subfield code="l">0</subfield>
    <subfield code="o">001.6424UML RAM;2</subfield>
    <subfield code="p">15156</subfield>
    <subfield code="v">379.85</subfield>
    <subfield code="w">2024-01-26</subfield>
    <subfield code="y">AA</subfield>
    <subfield code="1">0</subfield>
    <subfield code="4">0</subfield>
    <subfield code="7">0</subfield>
    <subfield code="8">CL</subfield>
    <subfield code="0">0</subfield>
    <subfield code="a">ML</subfield>
    <subfield code="b">ML</subfield>
    <subfield code="d">2000-05-08</subfield>
    <subfield code="g">9.95</subfield>
    <subfield code="E">CS</subfield>
    <subfield code="K">153</subfield>
    <subfield code="L">13/03/2003</subfield>
    <subfield code="G">RS</subfield>
    <subfield code="F">44.9</subfield>
    <subfield code="V">1.49</subfield>
    <subfield code="W">15</subfield>
  </datafield>
  <datafield tag="952" ind1=" " ind2=" ">
    <subfield code="r">2024-01-26 00:00:00</subfield>
    <subfield code="l">0</subfield>
    <subfield code="o">001.6424UML  RUM;1`R1'</subfield>
    <subfield code="p">16407</subfield>
    <subfield code="v">382.53</subfield>
    <subfield code="w">2024-01-26</subfield>
    <subfield code="y">AA</subfield>
    <subfield code="1">0</subfield>
    <subfield code="4">0</subfield>
    <subfield code="7">0</subfield>
    <subfield code="8">CL</subfield>
    <subfield code="0">0</subfield>
    <subfield code="a">ML</subfield>
    <subfield code="b">ML</subfield>
    <subfield code="d">2000-11-03</subfield>
    <subfield code="e">Sai Books</subfield>
    <subfield code="g">450.04</subfield>
    <subfield code="E">MCA</subfield>
    <subfield code="K">1044</subfield>
    <subfield code="L">17/11/2003</subfield>
    <subfield code="G">RS</subfield>
    <subfield code="F">1</subfield>
    <subfield code="V">67.51</subfield>
    <subfield code="W">15</subfield>
  </datafield>
  <datafield tag="952" ind1=" " ind2=" ">
    <subfield code="r">2024-01-26 00:00:00</subfield>
    <subfield code="l">0</subfield>
    <subfield code="o">001.6424UML  RUM;2   ' R'</subfield>
    <subfield code="p">16408</subfield>
    <subfield code="v">382.53</subfield>
    <subfield code="w">2024-01-26</subfield>
    <subfield code="y">AA</subfield>
    <subfield code="1">0</subfield>
    <subfield code="4">0</subfield>
    <subfield code="7">0</subfield>
    <subfield code="8">CL</subfield>
    <subfield code="0">0</subfield>
    <subfield code="a">ML</subfield>
    <subfield code="b">ML</subfield>
    <subfield code="d">2000-11-03</subfield>
    <subfield code="e">Sai Books</subfield>
    <subfield code="g">450.04</subfield>
    <subfield code="E">MCA</subfield>
    <subfield code="K">1044</subfield>
    <subfield code="L">17/11/2003</subfield>
    <subfield code="G">RS</subfield>
    <subfield code="F">1</subfield>
    <subfield code="V">67.51</subfield>
    <subfield code="W">15</subfield>
  </datafield>
  <datafield tag="952" ind1=" " ind2=" ">
    <subfield code="r">2024-01-26 00:00:00</subfield>
    <subfield code="l">0</subfield>
    <subfield code="o">001.6424UML  RUM;3</subfield>
    <subfield code="p">16409</subfield>
    <subfield code="v">382.65</subfield>
    <subfield code="w">2024-01-26</subfield>
    <subfield code="y">AA</subfield>
    <subfield code="1">0</subfield>
    <subfield code="4">0</subfield>
    <subfield code="7">0</subfield>
    <subfield code="8">CL</subfield>
    <subfield code="0">0</subfield>
    <subfield code="a">ML</subfield>
    <subfield code="b">ML</subfield>
    <subfield code="d">2000-11-03</subfield>
    <subfield code="e">Sai Books</subfield>
    <subfield code="g">9.95</subfield>
    <subfield code="E">MCA</subfield>
    <subfield code="K">1044</subfield>
    <subfield code="L">17/11/2003</subfield>
    <subfield code="G">USD</subfield>
    <subfield code="F">45.23</subfield>
    <subfield code="V">1.49</subfield>
    <subfield code="W">15</subfield>
  </datafield>
</record>
